18 - Municipios de Granada - Estadísticas

Estadísticas generales
  • Esta prueba ha sido intentada 10.595 veces
  • La puntuación promedio es 60 de 181
Respuestas en el mapa
Las respuestas están codificadas por una escala verde-roja en el mapa de la prueba según el % correcto abajo.
 
Estadísticas de respuestas
Respuesta % Correcto
Motril
92%
Granada
88%
Guadix
87%
Almuñécar
86%
Baza
86%
Loja
83%
Salobreña
81%
Huétor Santillán
79%
Armilla
78%
Alhama de Granada
75%
Albolote
73%
Lanjarón
70%
Huéscar
68%
Maracena
68%
Santa Fe
66%
Atarfe
60%
Huétor Tájar
60%
La Zubia
60%
Pinos Puente
60%
Huétor Vega
57%
Dúrcal
56%
Las Gabias
56%
Monachil
56%
Pampaneira
56%
Pelígros
56%
Ogíjares
54%
Padul
53%
Soportújar
53%
Alfacar
52%
Órgiva
52%
Alhendín
50%
Cúllar
50%
Capileira
49%
Lecrín
49%
Treveléz
49%
Chauchina
48%
Jun
48%
Cenes de la Vega
47%
Montefrío
47%
Churriana de la Vega
46%
Fuente Vaqueros
44%
Iznalloz
44%
Pulianas
43%
Íllora
42%
Albuñol
40%
Dílar
40%
Vélez de Benaudalla
40%
La Malahá
39%
Cájar
38%
Gor
38%
Pinos Genil
38%
Bubión
37%
Gójar
36%
Benalúa
35%
Puebla de Don Fadrique
35%
Víznar
35%
Castril
34%
Cúllar Vega
34%
Güejar Sierra
34%
Láchar
34%
Dólar
33%
El Valle
33%
Chimeneas
32%
Deifontes
31%
Moclín
31%
Moraleda de Zafayona
31%
Beas de Granada
30%
Polopos
30%
Purullena
30%
Zafarraya
30%
Cijuela
29%
Nigüelas
29%
Vegas del Genil
29%
Cortes y Graena
28%
El Pinar
28%
Güevejar
28%
Orce
28%
Quéntar
28%
Colomera
27%
Darro
27%
Salar
27%
Zújar
27%
Bérchules
26%
Campotéjar
26%
Gorafe
26%
Jérez del Marquesado
26%
La Calahorra
26%
La Peza
26%
Nevada
26%
Albondón
25%
Beas de Guadix
25%
Cádiar
25%
Caniles
25%
Cogollos de la Vega
25%
Diezma
25%
Otívar
25%
Píñar
25%
Ugíjar
25%
Albuñuelas
24%
Pedro Martinez
24%
Villa de Otura
24%
Dúdar
23%
Escúzar
23%
Galera
23%
Guadahortuna
23%
Gualchos
23%
Molvízar
23%
Algarinejo
22%
Calicasas
22%
Jete
22%
Montillana
22%
Arenas del Rey
21%
Benamaurel
21%
Montejícar
21%
Nívar
21%
Cacín
20%
Cogollos de Guadix
20%
Cuevas del Campo
20%
Pórtugos
20%
Torvizcón
20%
Agrón
19%
Alpujarra de la Sierra
19%
Ventas de Huelma
19%
Alicún de Ortega
18%
Castilléjar
18%
Cortes de Baza
18%
Huéneja
18%
Jayena
18%
Válor
18%
Villanueva Mesía
18%
Alquife
17%
Dehesas de Guadix
17%
Freila
17%
Gobernador
17%
Ítrabo
17%
Busquístar
16%
Ferreira
16%
Los Guájares
16%
Murtas
16%
Santa Cruz del Comercio
16%
Zagra
16%
Aldeire
15%
Benalúa de las villas
15%
Carataunas
15%
Fonelas
15%
Lújar
15%
Alamedilla
14%
Albuñán
14%
Cáñar
14%
Juviles
14%
Lanteira
14%
La Taha
14%
Rubite
14%
Huélago
13%
Lentegí
13%
Lugros
13%
Sorvilán
13%
Torre-Cardela
13%
Almegíjar
12%
Turón
12%
Valle del Zalabí
12%
Villanueva de las Torres
12%
Cástaras
11%
Lobras
11%
Morelábor
11%
Polícar
11%
Marchal
10%
Villamena
10%
No se encontraron pruebas coincidentes
Distribución de puntuación
Porcentaje de gente con cada puntuación
Porcentaje por número respondido
Historial de tus puntuaciones
No has intentado esta prueba.